Mexico und die Mexicaner (Record no. 7448)

MARC details
000 -CABECERA
campo de control de longitud fija 00740nam a2200217 a 4500
001 - NÚMERO DE CONTROL
campo de control BRCA_7774
005 - FECHA Y HORA DE LA ÚLTIMA TRANSACCIÓN
campo de control 20190320210004.0
008 - DATOS DE LONGITUD FIJA--INFORMACIÓN GENERAL
campo de control de longitud fija 300913s1859----gw-a######---#000-0#ger-#
041 ## - CÓDIGO DE LENGUA
Código de lengua del texto/banda sonora o título independiente ger
044 ## - CÓDIGO DEL PAÍS DE LA ENTIDAD EDITORA/PRODUCTORA
Código MARC del país gw
050 #4 - SIGNATURA TOPOGRÁFICA DE LA BIBLIOTECA DEL CONGRESO
Número de clasificación F1213
Número de documento/Ítem .S27 1859
100 1# - ENTRADA PRINCIPAL--NOMBRE DE PERSONA
Nombre de persona Sartorius, C.
9 (RLIN) 19250
245 10 - MENCIÓN DE TÍTULO
Título Mexico und die Mexicaner
Mención de responsabilidad, etc. landschaftsbilder und stizzen aus dem volksleben von C. Sartorius ; mit stahlstiche vorzuglicher meister nach original aufnahmen von Moritz Rugendas.
260 ## - PUBLICACIÓN, DISTRIBUCIÓN, ETC.
Lugar de publicación, distribución, etc. Darmstadt, Hesse, Alemania
Nombre del editor, distribuidor, etc. G. G. Lange
Fecha de publicación, distribución, etc. 1859
300 ## - DESCRIPCIÓN FÍSICA
Extensión 364 p.
Otras características físicas il. a color, 17 láminas
500 ## - NOTA GENERAL
Nota general X12
651 #4 - PUNTO DE ACCESO ADICIONAL DE MATERIA--NOMBRE GEOGRÁFICO
Nombre geográfico México
Subdivisión general Descripción y viajes
9 (RLIN) 103
700 1# - PUNTO DE ACCESO ADICIONAL--NOMBRE DE PERSONA
Nombre de persona Rugendas, Johann Moritz
Fechas asociadas al nombre 1802-1858
9 (RLIN) 795
902 ## - CATALOGADOR
Iniciales GFM
942 ## - ELEMENTOS DE PUNTO DE ACCESO ADICIONAL (KOHA)
Fuente del sistema de clasificación o colocación Library of Congress Classification
Tipo de ítem Koha Libros
Holdings
Estado de retiro Estado de pérdida Estado dañado No para préstamo Localización permanente Ubicación/localización actual Fecha de adquisición Número de inventario Total de préstamos Signatura topográfica completa Código de barras Fecha visto por última vez Precio válido a partir de Tipo de ítem Koha
El ejemplar forma parte de la colección y puede ser consultado según las políticas vigentes.       Biblioteca del Museo Franz Mayer (Rogerio Casas-Alatriste) Biblioteca del Museo Franz Mayer (Rogerio Casas-Alatriste) 27/09/2013 X12   F1213 .S27 1859 (X12) 8383 22/03/2019 22/03/2019 Libros